[Event "2.BLO 1617 Erfurter SK - Nickelhütte A"]
[Site "?"]
[Date "2016.11.20"]
[Round "4.2"]
[White "Votava, Jan"]
[Black "Prohaszka, Peter"]
[Result "1/2-1/2"]
[WhiteElo "2520"]
[BlackElo "2593"]
[PlyCount "55"]
[EventDate "2016.??.??"]

1. Nf3 d5 2. g3 c6 3. Bg2 Bg4 4. O-O e6 5. d3 Nf6 6. Nbd2 Be7 7. b3 O-O 8. Bb2
a5 9. a3 Re8 10. c4 Na6 11. Qc2 Rc8 12. Bc3 Nd7 13. Rfb1 Bf6 14. Bxf6 Qxf6 15.
Qb2 e5 16. cxd5 cxd5 17. Rc1 h6 18. Rxc8 Rxc8 19. Rc1 Rxc1+ 20. Qxc1 Qc6 21.
Qxc6 bxc6 22. e4 dxe4 23. Nxe4 Be6 24. d4 f6 25. Ned2 Kf7 26. Bf1 Nc7 27. dxe5
fxe5 28. Nc4 1/2-1/2

[Event "2.BLO 1617 Erfurter SK - Nickelhütte A"]
[Site "?"]
[Date "2016.11.20"]
[Round "4.3"]
[White "Meijers, Viesturs"]
[Black "Enders, Peter"]
[Result "1-0"]
[WhiteElo "2455"]
[BlackElo "2445"]
[PlyCount "81"]
[EventDate "2016.??.??"]

1. d4 Nf6 2. Nf3 e6 3. g3 c5 4. Bg2 cxd4 5. O-O Be7 6. Nxd4 a6 7. c4 O-O 8. b3
Qc7 9. Bb2 d6 10. Nc3 Nc6 11. Nf3 Rd8 12. Rc1 Qa5 13. a3 Rd7 14. b4 Qd8 15. e3
Rb8 16. Qa4 Rc7 17. b5 Ne5 18. Nxe5 dxe5 19. Rfd1 Bd7 20. Qb3 Qe8 21. a4 Ng4
22. Ne4 axb5 23. axb5 f6 24. Nd6 Qh5 25. h3 Nh6 26. b6 Rc6 27. c5 Bxd6 28. Rxd6
Rxd6 29. cxd6 Qe8 30. Rc7 Nf7 31. Rxb7 Rxb7 32. Bxb7 Nxd6 33. Bg2 e4 34. Ba3
Nb7 35. Bxe4 Bc6 36. Qb4 Bxe4 37. Qxe4 Qd7 38. Qc4 h6 39. e4 Na5 40. Qb4 Nb7
41. Qc3 1-0

[Event "2.BLO 1617 Erfurter SK - Nickelhütte A"]
[Site "?"]
[Date "2016.11.20"]
[Round "4.4"]
[White "Mueller, Matthias"]
[Black "Slobodjan, Roman"]
[Result "1/2-1/2"]
[WhiteElo "2385"]
[BlackElo "2464"]
[PlyCount "27"]
[EventDate "2016.??.??"]

1. e4 e5 2. Nf3 Nc6 3. d4 exd4 4. Nxd4 Bc5 5. Be3 Bb6 6. Nf5 Bxe3 7. Nxe3 d6 8.
Nc3 Nge7 9. Bb5 a6 10. Ba4 b5 11. Bb3 Na5 12. O-O Nxb3 13. axb3 Bb7 14. Qg4
1/2-1/2

[Event "2.BLO 1617 Erfurter SK - Nickelhütte A"]
[Site "?"]
[Date "2016.11.20"]
[Round "4.5"]
[White "Gaponenko, Inna"]
[Black "Machelett, Heiko"]
[Result "1/2-1/2"]
[WhiteElo "2415"]
[BlackElo "2409"]
[PlyCount "80"]
[EventDate "2016.??.??"]

1. e4 c5 2. Nf3 e6 3. d4 cxd4 4. Nxd4 a6 5. c4 Nf6 6. Nc3 Bb4 7. Qd3 Qc7 8. a3
Bxc3+ 9. Qxc3 Qe5 10. f3 O-O 11. Nb5 Qc5 12. Be3 Qc6 13. Na7 Qc7 14. e5 Ne8 15.
Nxc8 Qxc8 16. Bd3 d6 17. exd6 Nxd6 18. O-O Nf5 19. Bf2 Nd7 20. Rad1 Nf6 21. g4
Ne7 22. Bd4 Ne8 23. Bb1 Ng6 24. Be4 Qc7 25. Qb4 Nf6 26. Qxb7 Qxc4 27. Qc6 Qa2
28. Bxf6 gxf6 29. Qc3 Rab8 30. Rd2 Ne5 31. f4 Rfc8 32. Qh3 Ng6 33. f5 Rxb2 34.
fxg6 hxg6 35. Rxb2 Qxb2 36. Qf3 Qd4+ 37. Kh1 Rc3 38. Qg2 Rxa3 39. Bb1 Rb3 40.
Qe4 Qxe4+ 1/2-1/2

[Event "2.BLO 1617 Erfurter SK - Nickelhütte A"]
[Site "?"]
[Date "2016.11.20"]
[Round "4.6"]
[White "Troyke, Christian"]
[Black "Eichner, Sebastian"]
[Result "1/2-1/2"]
[WhiteElo "2347"]
[BlackElo "2364"]
[PlyCount "20"]
[EventDate "2016.??.??"]

1. g3 e5 2. c4 Nf6 3. Bg2 c6 4. d4 e4 5. Nc3 d5 6. cxd5 cxd5 7. Bg5 Nbd7 8. Nh3
h6 9. Bxf6 Nxf6 10. f3 exf3 1/2-1/2

[Event "2.BLO 1617 Erfurter SK - Nickelhütte A"]
[Site "?"]
[Date "2016.11.20"]
[Round "4.7"]
[White "Spiess, Gunter"]
[Black "Casper, Thomas"]
[Result "1/2-1/2"]
[WhiteElo "2423"]
[BlackElo "2381"]
[PlyCount "20"]
[EventDate "2016.??.??"]

1. d4 Nf6 2. Nf3 g6 3. Bf4 Bg7 4. e3 O-O 5. Be2 d6 6. h3 b6 7. O-O Bb7 8. c4
Nbd7 9. Nc3 Ne4 10. Nxe4 Bxe4 1/2-1/2

[Event "2.BLO 1617 Erfurter SK - Nickelhütte A"]
[Site "?"]
[Date "2016.11.20"]
[Round "4.8"]
[White "Steinacker, Alex"]
[Black "Jurasek, Miroslav"]
[Result "1-0"]
[WhiteElo "2194"]
[BlackElo "2305"]
[PlyCount "73"]
[EventDate "2016.??.??"]

1. g3 Nf6 2. Bg2 d5 3. Nf3 Bg4 4. O-O c6 5. d3 Nbd7 6. Nbd2 e6 7. e4 Be7 8. Qe2
h6 9. Re1 O-O 10. a3 Re8 11. b3 Nh7 12. Bb2 Ng5 13. h4 Nxf3+ 14. Bxf3 Bxf3 15.
Nxf3 a5 16. Nh2 Kh7 17. Ng4 Rg8 18. Kg2 a4 19. b4 Nf6 20. Ne5 Qe8 21. c4 Rd8
22. Qf3 b6 23. Rac1 d4 24. c5 b5 25. Nxf7 Qxf7 26. e5 Rd5 27. exf6 gxf6 28.
Qe4+ f5 29. Qxe6 Qxe6 30. Rxe6 Bxh4 31. Rxc6 f4 32. Rc7+ Kh8 33. Rh1 fxg3 34.
Rxh4 gxf2+ 35. Kf1 Rg1+ 36. Kxf2 Rg6 37. Rxd4 1-0

[Event "2.BLO 1617 SK König Plauen - Bindl Akt"]
[Site "?"]
[Date "2016.11.20"]
[Round "4.1"]
[White "Petr, Martin"]
[Black "Plat, Vojtech"]
[Result "1-0"]
[WhiteElo "2494"]
[BlackElo "2529"]
[PlyCount "99"]
[EventDate "2016.??.??"]

1. e4 c5 2. Nf3 e6 3. d4 cxd4 4. Nxd4 Nc6 5. Nc3 d6 6. Be3 Nf6 7. f4 e5 8. Nf3
Ng4 9. Qd2 Nxe3 10. Qxe3 exf4 11. Qxf4 Be7 12. O-O-O O-O 13. Kb1 Be6 14. Nd5
Rc8 15. g4 Ne5 16. Nxe5 dxe5 17. Qxe5 Bd6 18. Qxd6 Qxd6 19. Nf6+ gxf6 20. Rxd6
Rc5 21. h3 Rfc8 22. Rd2 Kf8 23. Bd3 Ke7 24. Rf2 h5 25. gxh5 Rxh5 26. h4 Rch8
27. Rf4 Kd6 28. Rxf6 Rxh4 29. Rxh4 Rxh4 30. b3 Ke5 31. Rf1 f6 32. Kb2 Bd7 33.
Kc3 Rh5 34. Rg1 Rh7 35. Rf1 Rh5 36. a4 Bc6 37. b4 a6 38. a5 Be8 39. Rg1 Rg5 40.
Rh1 Rh5 41. Rxh5+ Bxh5 42. Kd2 Kf4 43. c4 Be8 44. b5 Bd7 45. Kc3 Ke5 46. Kb4
Kd4 47. Bf1 Be6 48. c5 Bc8 49. b6 Ke5 50. Bxa6 1-0

[Event "2.BLO 1617 SK König Plauen - Bindl Akt"]
[Site "?"]
[Date "2016.11.20"]
[Round "4.2"]
[White "Kunze, Carlo"]
[Black "Kriebel, Tadeas"]
[Result "0-1"]
[WhiteElo "2284"]
[BlackElo "2464"]
[PlyCount "112"]
[EventDate "2016.??.??"]

1. d4 Nf6 2. c4 g6 3. Nc3 Bg7 4. e4 d6 5. Be2 O-O 6. Nf3 Nbd7 7. e5 Ne8 8. O-O
c5 9. exd6 Nxd6 10. Re1 cxd4 11. Nxd4 Ne5 12. c5 Nf5 13. Nxf5 Bxf5 14. Bg5 h6
15. Qxd8 Rfxd8 16. Bxe7 Rd2 17. Rad1 Rxb2 18. Nd5 Rxa2 19. Bd6 Bc2 20. Rc1 Bb3
21. Ne7+ Kh7 22. Rb1 Bc4 23. Bxe5 Rxe2 24. Rxe2 Bxe2 25. Bxg7 Kxg7 26. Rxb7 a5
27. c6 a4 28. c7 Bg4 29. Rb8 Ra7 30. h3 Rxc7 31. Rg8+ Kh7 32. hxg4 Rxe7 33. Ra8
Re4 34. f3 Re1+ 35. Kh2 Ra1 36. Kg3 Kg7 37. Kf4 a3 38. g5 h5 39. Kg3 a2 40. Kf4
h4 41. Ra7 Kf8 42. Ra8+ Ke7 43. Ra6 Kd7 44. Ra7+ Kd6 45. Ra5 Kc6 46. Ra8 Kd5
47. Ra4 Kc5 48. Ra8 Kd4 49. Ra7 Kd3 50. Ra3+ Ke2 51. Ke5 Kf2 52. Kf6 Kxg2 53.
Kxf7 h3 54. Kxg6 h2 55. Kf7 h1=Q 56. g6 Qh5 0-1

[Event "2.BLO 1617 SK König Plauen - Bindl Akt"]
[Site "?"]
[Date "2016.11.20"]
[Round "4.3"]
[White "Neuman, Petr"]
[Black "Espig, Lutz"]
[Result "1-0"]
[WhiteElo "2422"]
[BlackElo "2264"]
[PlyCount "57"]
[EventDate "2016.??.??"]

1. d4 Nf6 2. c4 d6 3. Nc3 Nbd7 4. e4 e5 5. Nf3 Be7 6. Be2 O-O 7. O-O c6 8. Be3
a6 9. d5 cxd5 10. cxd5 b5 11. Nd2 Nb6 12. a4 bxa4 13. Nxa4 Nxa4 14. Rxa4 Bd7
15. Ra2 Bb5 16. f3 Qb8 17. Bxb5 Qxb5 18. Qb3 Rfb8 19. Qxb5 Rxb5 20. Nc4 Ne8 21.
Rfa1 Rc8 22. Na5 Rc2 23. Nc6 Kf8 24. b4 Rxa2 25. Rxa2 Nc7 26. Ba7 Ke8 27. Bb8
Bd8 28. Bxc7 Bxc7 29. Rxa6 1-0

[Event "2.BLO 1617 SK König Plauen - Bindl Akt"]
[Site "?"]
[Date "2016.11.20"]
[Round "4.4"]
[White "Kuraszkiewicz, Michael"]
[Black "Cech, Pavel"]
[Result "1-0"]
[WhiteElo "2296"]
[BlackElo "2353"]
[PlyCount "85"]
[EventDate "2016.??.??"]

1. d4 d5 2. c4 c6 3. Nf3 Nf6 4. e3 Bf5 5. Nc3 e6 6. Nh4 Bg6 7. Be2 Nbd7 8. O-O
Ne4 9. g3 Nd6 10. c5 Nf5 11. Nxg6 hxg6 12. Rb1 g5 13. b4 Qf6 14. Re1 Qh6 15. h4
gxh4 16. e4 g5 17. g4 Ne7 18. b5 Bg7 19. bxc6 bxc6 20. exd5 exd5 21. Ba6 Rd8
22. Rb7 Qf6 23. Nxd5 cxd5 24. Bb5 O-O 25. Bxd7 Ng6 26. c6 Nf4 27. Qf3 Qxd4 28.
Rd1 Qa4 29. Bxf4 gxf4 30. Rxd5 Qa6 31. Rg5 Qc4 32. Qd5 Qc1+ 33. Kh2 Qc3 34. Rb3
Qf6 35. Rf3 Rc8 36. Rf5 Qg6 37. R3xf4 Rc7 38. Rg5 Qh6 39. Rff5 h3 40. Qe5 f6
41. Rxg7+ Qxg7 42. Qxc7 Qxg4 43. Qg3 1-0

[Event "2.BLO 1617 SK König Plauen - Bindl Akt"]
[Site "?"]
[Date "2016.11.20"]
[Round "4.5"]
[White "Wall, Gavin"]
[Black "Schaller, Sven"]
[Result "0-1"]
[WhiteElo "2349"]
[BlackElo "2282"]
[PlyCount "82"]
[EventDate "2016.??.??"]

1. e4 c6 2. d4 d5 3. f3 e6 4. Nc3 Bb4 5. Bf4 Nf6 6. Qd3 O-O 7. Bg5 Be7 8. O-O-O
b6 9. Qd2 Bb7 10. Nh3 b5 11. e5 Nfd7 12. Bxe7 Qxe7 13. f4 b4 14. Na4 c5 15.
Nxc5 Nxc5 16. dxc5 Qxc5 17. Bd3 h6 18. g4 Ba6 19. Bxa6 Nxa6 20. f5 Qc4 21. fxe6
fxe6 22. Kb1 Qxg4 23. Nf2 Qf4 24. Qe2 Nc5 25. Ng4 Ne4 26. Rhg1 Kh8 27. Ka1 Qf3
28. Qa6 Ng5 29. Rde1 Qh3 30. Rg3 Qh4 31. Qd3 Rf3 32. Re3 Raf8 33. a3 R3f4 34.
h3 bxa3 35. Qxa3 h5 36. Qe7 R4f7 37. Qb4 a5 38. Qxa5 hxg4 39. Rxg4 Qf2 40. Ra3
Ne4 41. Qa4 Nd2 0-1

[Event "2.BLO 1617 SK König Plauen - Bindl Akt"]
[Site "?"]
[Date "2016.11.20"]
[Round "4.6"]
[White "Sandner, Gunter"]
[Black "Krensing, Jan"]
[Result "1/2-1/2"]
[WhiteElo "2274"]
[BlackElo "2325"]
[PlyCount "102"]
[EventDate "2016.??.??"]

1. d4 Nf6 2. g3 e6 3. Bg2 d5 4. Nf3 b5 5. O-O Nbd7 6. a4 b4 7. c4 bxc3 8. Nxc3
Be7 9. Qc2 O-O 10. Bf4 a6 11. Rab1 Bb7 12. b4 Nh5 13. Bd2 Bd6 14. e4 dxe4 15.
Nxe4 Nhf6 16. Nfg5 Rb8 17. Nc5 Bxg2 18. Kxg2 Rb6 19. Kg1 h6 20. Nge4 Nxe4 21.
Qxe4 Nf6 22. Qe2 Qa8 23. Rb3 Qd5 24. Rfb1 Ra8 25. Qf3 Qxf3 26. Rxf3 Nd5 27.
Rfb3 Rbb8 28. Kf1 Ra7 29. Ke2 Kh7 30. Kd3 Kg6 31. h3 Kh7 32. Ke4 Nf6+ 33. Kf3
Nd5 34. Ke4 Nf6+ 35. Kf3 Rd8 36. Be3 Nd5 37. Nd3 Rb8 38. Bd2 Kg8 39. Nc5 Kh8
40. Ke4 Kg8 41. Kf3 Rd8 42. R1b2 Kf8 43. Rc2 Ke8 44. Rb1 Rb8 45. Rcb2 Raa8 46.
Rb3 Kd8 47. Ke4 Kc8 48. Rf3 Nf6+ 49. Kd3 Be7 50. Kc4 Rb6 51. a5 Rbb8 1/2-1/2

[Event "2.BLO 1617 SK König Plauen - Bindl Akt"]
[Site "?"]
[Date "2016.11.20"]
[Round "4.7"]
[White "Loew, Gerald"]
[Black "Pfretzschner, Roland"]
[Result "0-1"]
[WhiteElo "2235"]
[BlackElo "2214"]
[PlyCount "60"]
[EventDate "2016.??.??"]

1. c4 c5 2. g3 Nc6 3. Bg2 g6 4. Nc3 Bg7 5. a3 a5 6. Nf3 e5 7. O-O Nge7 8. Ne1
O-O 9. Nc2 d6 10. Ne3 Rb8 11. Rb1 Be6 12. Ned5 Qd7 13. d3 Bh3 14. Nxe7+ Nxe7
15. Bxh3 Qxh3 16. b4 axb4 17. axb4 f5 18. bxc5 dxc5 19. Bg5 Nc6 20. Nd5 h6 21.
Be7 Nxe7 22. Nxe7+ Kh7 23. Rb6 Rf7 24. Nd5 f4 25. e4 f3 26. Ne3 h5 27. Kh1 Bh6
28. Rb2 h4 29. Qe1 hxg3 30. fxg3 Bxe3 0-1

[Event "2.BLO 1617 SK König Plauen - Bindl Akt"]
[Site "?"]
[Date "2016.11.20"]
[Round "4.8"]
[White "Hoerr, Matthias"]
[Black "Delitzsch, Juergen"]
[Result "1-0"]
[WhiteElo "2183"]
[BlackElo "2225"]
[PlyCount "71"]
[EventDate "2016.??.??"]

1. e4 c5 2. Nc3 g6 3. Nf3 Bg7 4. d4 cxd4 5. Nxd4 Nc6 6. Be3 Nf6 7. Bc4 Qa5 8.
O-O O-O 9. Bb3 d6 10. h3 Bd7 11. Re1 Rac8 12. Qe2 Nxe4 13. Nxc6 Nxc3 14. Nxe7+
Kh8 15. bxc3 Rce8 16. Nd5 Bc6 17. Rad1 Re5 18. c4 Rfe8 19. Qd2 Qd8 20. Bf4 R5e6
21. Rxe6 Rxe6 22. Re1 a5 23. a4 h6 24. Rxe6 fxe6 25. Nc3 Kh7 26. Nb5 e5 27. Bg3
h5 28. h4 Bf8 29. c5 d5 30. Qg5 Qd7 31. Qxe5 Qg4 32. Qc7+ Kg8 33. Nd6 Qe6 34.
Kh2 Qf6 35. Nxb7 Be7 36. Nd6 1-0

[Event "2.BLO 1617 Erfurter SK - Bad Mergenthei"]
[Site "?"]
[Date "2016.12.03"]
[Round "5.1"]
[White "Ikonnikov, Vyacheslav"]
[Black "Mihok, Oliver"]
[Result "1/2-1/2"]
[WhiteElo "2548"]
[BlackElo "2502"]
[PlyCount "52"]
[EventDate "2016.??.??"]

1. d4 d5 2. c4 c6 3. Nf3 Nf6 4. Nc3 e6 5. Bg5 dxc4 6. a4 Bb4 7. e4 Qa5 8. Bd2
c5 9. Bxc4 cxd4 10. Nxd4 O-O 11. Qe2 Nbd7 12. O-O Ne5 13. Nb3 Qc7 14. Nb5 Qe7
15. Rfc1 a6 16. N5d4 Bd7 17. Nf3 Nxf3+ 18. Qxf3 Bxd2 19. Nxd2 Bc6 20. Qe2 Qb4
21. b3 Rfd8 22. Ra2 Rd4 23. f3 Rad8 24. Nf1 Be8 25. Qe3 e5 26. Qc3 Qxc3 1/2-1/2

[Event "2.BLO 1617 Erfurter SK - Bad Mergenthei"]
[Site "?"]
[Date "2016.12.03"]
[Round "5.2"]
[White "Braeuer, Franz"]
[Black "Karpatchev, Aleksandr"]
[Result "1-0"]
[WhiteElo "2414"]
[BlackElo "2495"]
[PlyCount "103"]
[EventDate "2016.??.??"]

1. e4 e5 2. Nf3 Nc6 3. d4 exd4 4. Nxd4 Qf6 5. Nb5 Bc5 6. Qe2 Bb6 7. N1c3 Nge7
8. Be3 Ba5 9. O-O-O a6 10. Nd5 Nxd5 11. exd5 axb5 12. Bd4+ Qe7 13. dxc6 bxc6
14. Bxg7 Rg8 15. Bf6 Qxe2 16. Bxe2 d5 17. g3 Bf5 18. Bd3 Bxd3 19. Rxd3 Kd7 20.
Rf3 Rg4 21. c3 Ke6 22. Bd4 f5 23. Re1+ Re4 24. Rfe3 Bb6 25. Bxb6 cxb6 26. a3
Kf6 27. f3 Rxe3 28. Rxe3 h5 29. Re2 h4 30. Kd2 Rg8 31. Rg2 c5 32. Ke3 Ke5 33.
Kd3 Ra8 34. Ke3 Ra4 35. f4+ Kf6 36. gxh4 Re4+ 37. Kf3 d4 38. cxd4 Rxd4 39. h5
Rd3+ 40. Ke2 Rh3 41. Rg6+ Kf7 42. Kd1 Rxh2 43. Kc1 Rh1+ 44. Kc2 Rh2+ 45. Kb1
Rf2 46. Rxb6 Rxf4 47. Rxb5 c4 48. Rb6 Re4 49. h6 f4 50. h7 Re1+ 51. Kc2 Rh1 52.
Rb8 1-0

[Event "2.BLO 1617 Erfurter SK - Bad Mergenthei"]
[Site "?"]
[Date "2016.12.03"]
[Round "5.3"]
[White "Gasthofer, Alexander"]
[Black "Kuczynski, Robert"]
[Result "1/2-1/2"]
[WhiteElo "2437"]
[BlackElo "2490"]
[PlyCount "50"]
[EventDate "2016.??.??"]

1. Nf3 d5 2. g3 c6 3. Bg2 Bg4 4. O-O Nd7 5. d3 Ngf6 6. Nbd2 e5 7. e4 dxe4 8.
dxe4 Be7 9. h3 Bh5 10. Qe1 O-O 11. Nc4 Qc7 12. a4 Rfe8 13. Bd2 Bg6 14. Nh4 Nc5
15. Nxg6 hxg6 16. Qe2 Ne6 17. c3 Nc5 18. Bg5 a5 19. Rfd1 Nh5 20. Be3 b5 21.
axb5 cxb5 22. Nxa5 Rxa5 23. Rxa5 Qxa5 24. b4 Qc7 25. bxc5 Rb8 1/2-1/2

[Event "2.BLO 1617 Erfurter SK - Bad Mergenthei"]
[Site "?"]
[Date "2016.12.03"]
[Round "5.4"]
[White "Enders, Peter"]
[Black "Ivanov, Mikail"]
[Result "1-0"]
[WhiteElo "2446"]
[BlackElo "2412"]
[PlyCount "137"]
[EventDate "2016.??.??"]

1. b3 e5 2. Bb2 Nc6 3. e3 a6 4. Nf3 e4 5. Nd4 Nxd4 6. Bxd4 Nf6 7. d3 d5 8. Nd2
Bf5 9. dxe4 dxe4 10. Be2 Bg6 11. O-O Be7 12. Nc4 O-O 13. a4 Nd7 14. Qc1 Bf6 15.
Rd1 Qe7 16. Qa3 Qxa3 17. Rxa3 Bf5 18. Raa1 a5 19. Bxf6 Nxf6 20. Rd4 Rfe8 21.
Rad1 Kf8 22. h3 h6 23. Kf1 g5 24. Ke1 Ke7 25. Ne5 Kf8 26. Ng4 Ng8 27. Rd5 Be6
28. Rc5 Re7 29. Rd4 Kg7 30. Nh2 Nf6 31. Nf1 b6 32. Rc6 Ra7 33. Ng3 Rd7 34. Bb5
Rxd4 35. exd4 h5 36. Ne2 Nd5 37. Kd2 Nb4 38. Rc3 h4 39. Bc4 Bd5 40. g3 c6 41.
gxh4 gxh4 42. Bxd5 cxd5 43. Rc8 Rd7 44. Nf4 Kf6 45. Ng2 Rd6 46. Rh8 Rc6 47. Ne3
Kg5 48. Rg8+ Kh5 49. c3 Nd3 50. Nxd5 Nxf2 51. Nf4+ Kh6 52. d5 Rc7 53. c4 Re7
54. Ke3 Nd1+ 55. Ke2 Nc3+ 56. Kd2 Na2 57. Ke3 Nb4 58. Rb8 Nc2+ 59. Kd2 Nd4 60.
Rxb6+ Kg5 61. d6 Rd7 62. Ke3 f5 63. Kxd4 Kxf4 64. c5 e3 65. Rb8 Kf3 66. Re8 f4
67. Kd5 Rb7 68. c6 Rxb3 69. c7 1-0

[Event "2.BLO 1617 Erfurter SK - Bad Mergenthei"]
[Site "?"]
[Date "2016.12.03"]
[Round "5.5"]
[White "Panzalovic, Srdjan"]
[Black "Mueller, Matthias"]
[Result "1-0"]
[WhiteElo "2428"]
[BlackElo "2385"]
[PlyCount "91"]
[EventDate "2016.??.??"]

1. Nf3 d5 2. c4 e6 3. d4 c5 4. cxd5 exd5 5. g3 Nf6 6. Bg2 Be7 7. O-O O-O 8. b3
Nc6 9. Bb2 Ne4 10. dxc5 Bxc5 11. Nc3 Qb6 12. Nxe4 dxe4 13. Ng5 e3 14. f4 h6 15.
Ne4 Bd4 16. Qc1 Bg4 17. Bxd4 Nxd4 18. Qxe3 Bxe2 19. Rf2 Nf3+ 20. Rxf3 Bxf3 21.
Qxb6 axb6 22. Bxf3 Rfd8 23. g4 Rac8 24. Kf2 Rc2+ 25. Kg3 Kf8 26. f5 g5 27. h4
gxh4+ 28. Kxh4 Rd3 29. Kg3 Kg7 30. Kf4 Rd7 31. a4 Rb2 32. Rd1 Rxd1 33. Bxd1 Rb1
34. Bc2 Rb2 35. Bd1 Rb1 36. Nf2 Kf6 37. Bf3 Rxb3 38. Bxb7 Rb4+ 39. Ne4+ Ke7 40.
Bc6 f6 41. Ke3 Rc4 42. Bb5 Rc1 43. Kd4 Rg1 44. Be2 Ra1 45. Nc3 Kd6 46. Bd1 1-0

[Event "2.BLO 1617 Erfurter SK - Bad Mergenthei"]
[Site "?"]
[Date "2016.12.03"]
[Round "5.6"]
[White "Machelett, Heiko"]
[Black "Raps, Johannes"]
[Result "1-0"]
[WhiteElo "2404"]
[BlackElo "2178"]
[PlyCount "45"]
[EventDate "2016.??.??"]

1. Nf3 d5 2. c4 e6 3. b3 Nf6 4. Bb2 Be7 5. g3 O-O 6. Bg2 b6 7. O-O Bb7 8. e3 c5
9. Qe2 Nbd7 10. Rd1 Rc8 11. d3 Qc7 12. Nbd2 Rfd8 13. Rac1 Qb8 14. Nh4 Ne8 15.
cxd5 exd5 16. Ndf3 Nd6 17. Ne5 Nxe5 18. Bxe5 Qa8 19. f4 f6 20. Bxd6 Bxd6 21.
Bh3 Rc7 22. Be6+ Kh8 23. Ng6+ 1-0

[Event "2.BLO 1617 Erfurter SK - Bad Mergenthei"]
[Site "?"]
[Date "2016.12.03"]
[Round "5.7"]
[White "Gross, Willi"]
[Black "Troyke, Christian"]
[Result "1/2-1/2"]
[WhiteElo "2144"]
[BlackElo "2347"]
[PlyCount "93"]
[EventDate "2016.??.??"]

1. d4 Nf6 2. c4 g6 3. Nc3 Bg7 4. e4 d6 5. Nf3 O-O 6. Be2 Bg4 7. O-O Nfd7 8. Be3
e5 9. d5 Bxf3 10. Bxf3 f5 11. exf5 gxf5 12. Qc1 a5 13. Be2 Na6 14. f4 Nac5 15.
Rb1 Qe7 16. Re1 Rae8 17. Qc2 Qf7 18. Bf3 exf4 19. Bxf4 Ne5 20. Be2 Ng6 21. Bd2
Qf6 22. Nb5 Ne4 23. Be3 c6 24. Nc7 Bh6 25. Bf3 Bxe3+ 26. Rxe3 Rc8 27. Bxe4 Rxc7
28. Bf3 Ne5 29. Qc3 c5 30. Qxa5 Rg7 31. Qc3 f4 32. Re4 Kh8 33. Rbe1 Rg5 34. b3
Rfg8 35. R4e2 R8g6 36. a3 h5 37. b4 b6 38. bxc5 bxc5 39. Rb1 h4 40. Rb8+ Kg7
41. h3 Rg3 42. Rxe5 dxe5 43. Rc8 Qg5 44. Qb2 Qe7 45. Qb8 Kh6 46. Rh8+ Kg7 47.
Rc8 1/2-1/2

[Event "2.BLO 1617 Erfurter SK - Bad Mergenthei"]
[Site "?"]
[Date "2016.12.03"]
[Round "5.8"]
[White "Heinzel, Olaf"]
[Black "Schmitt, Philipp"]
[Result "1-0"]
[WhiteElo "2363"]
[BlackElo "2197"]
[PlyCount "79"]
[EventDate "2016.??.??"]

1. d4 e6 2. Bf4 d5 3. e3 Nf6 4. Nd2 Bd6 5. Bg3 c6 6. Bd3 Bxg3 7. hxg3 Qd6 8. f4
b6 9. g4 Ba6 10. Bxa6 Nxa6 11. g5 Nd7 12. c3 c5 13. Ne2 Nc7 14. Nf3 cxd4 15.
exd4 h6 16. Ne5 Nxe5 17. fxe5 Qe7 18. Qd2 h5 19. g4 h4 20. O-O-O O-O-O 21. Ng1
f6 22. Nf3 h3 23. gxf6 gxf6 24. exf6 Qxf6 25. Ne5 Rdf8 26. g5 Qg7 27. Rdg1 Ne8
28. Qd3 Rf5 29. g6 Qh6+ 30. Kb1 h2 31. Re1 Nc7 32. Nf7 Rxf7 33. gxf7 Qg7 34.
Ref1 Rf8 35. Qf3 Qh7+ 36. Ka1 Nb5 37. Qe2 Rxf7 38. Rxf7 Qxf7 39. Qxb5 Qf3 40.
Qf1 1-0

[Event "2.BLO 1617 SK König Plauen - SK Göggi"]
[Site "?"]
[Date "2016.12.03"]
[Round "5.1"]
[White "Rozentalis, Eduardas"]
[Black "Plat, Vojtech"]
[Result "1/2-1/2"]
[WhiteElo "2577"]
[BlackElo "2532"]
[PlyCount "96"]
[EventDate "2016.??.??"]

1. e4 c5 2. Nf3 Nc6 3. Bb5 g6 4. O-O Bg7 5. Nc3 Nf6 6. e5 Nh5 7. Re1 Nf4 8. d4
cxd4 9. Nxd4 Ne6 10. Nxe6 fxe6 11. Bxc6 bxc6 12. Qf3 Qc7 13. Qg3 O-O 14. Bf4
Rf5 15. Re4 Bb7 16. Qe3 c5 17. Rc4 Rc8 18. Re1 Bd5 19. Ra4 Bc6 20. Ra3 Rb8 21.
Rb3 c4 22. Rxb8+ Qxb8 23. b3 Qb4 24. Bg3 cxb3 25. axb3 h5 26. h4 g5 27. Rd1
gxh4 28. Rd4 Qb6 29. Rxh4 Qxe3 30. fxe3 Bxe5 31. Bxe5 Rxe5 32. e4 Rc5 33. Rh3
d5 34. e5 Be8 35. Rg3+ Kh7 36. Ne2 Rxc2 37. Nd4 Rc1+ 38. Kf2 Bf7 39. Rf3 Kg7
40. Ke2 a6 41. Kd2 Rg1 42. g3 h4 43. gxh4 Rg4 44. Kc3 Rxh4 45. Re3 Rg4 46. Re1
Rg3+ 47. Kb4 Rd3 48. Kc5 Rc3+ 1/2-1/2

[Event "2.BLO 1617 SK König Plauen - SK Göggi"]
[Site "?"]
[Date "2016.12.03"]
[Round "5.2"]
[White "Kunze, Carlo"]
[Black "Kulaots, Kaido"]
[Result "0-1"]
[WhiteElo "2265"]
[BlackElo "2556"]
[PlyCount "66"]
[EventDate "2016.??.??"]

1. d4 Nf6 2. c4 e6 3. Nc3 Bb4 4. e3 c5 5. Bd3 Nc6 6. Nge2 d5 7. cxd5 exd5 8.
O-O O-O 9. a3 cxd4 10. exd4 Bd6 11. h3 h6 12. Bc2 Re8 13. Nf4 Bxf4 14. Bxf4 Qb6
15. Be3 Qxb2 16. Qd2 Qb6 17. Rab1 Qd8 18. Bxh6 gxh6 19. Qxh6 Nxd4 20. Rb4 Nf5
21. Qg5+ Ng7 22. Rh4 Be6 23. Rd1 Rc8 24. Qh6 Kf8 25. Rd3 Ng8 26. Qh8 Qf6 27.
Rf3 Bf5 28. Bxf5 Rxc3 29. Qxg8+ Ke7 30. Qh7 Rxf3 31. Rh6 Qa1+ 32. Bb1 Rb3 33.
Kh2 Rxb1 0-1

[Event "2.BLO 1617 SK König Plauen - SK Göggi"]
[Site "?"]
[Date "2016.12.03"]
[Round "5.3"]
[White "Arnaudov, G. Petar"]
[Black "Kuraszkiewicz, Michael"]
[Result "1-0"]
[WhiteElo "2469"]
[BlackElo "2305"]
[PlyCount "65"]
[EventDate "2016.??.??"]

1. Nf3 Nf6 2. c4 g6 3. Nc3 Bg7 4. e4 d6 5. d4 O-O 6. h3 e5 7. d5 a5 8. g4 Na6
9. Be3 Nd7 10. a3 Nb6 11. Rg1 Bd7 12. Be2 Qe7 13. Qc2 Nc5 14. Nd2 Kh8 15. h4 c6
16. h5 cxd5 17. exd5 Rfc8 18. hxg6 hxg6 19. Nde4 f5 20. Nxc5 dxc5 21. gxf5 Bxf5
22. Ne4 Nd7 23. Bg4 Ra6 24. O-O-O Qf8 25. f3 Bxg4 26. fxg4 Qf3 27. Rg3 Qf7 28.
Qh2+ Kg8 29. Ng5 Qe7 30. Qh7+ Kf8 31. Rf3+ Nf6 32. Qxg6 Kg8 33. d6 1-0

[Event "2.BLO 1617 SK König Plauen - SK Göggi"]
[Site "?"]
[Date "2016.12.03"]
[Round "5.4"]
[White "Schaller, Sven"]
[Black "Nestorovic, Nikola"]
[Result "0-1"]
[WhiteElo "2266"]
[BlackElo "2499"]
[PlyCount "102"]
[EventDate "2016.??.??"]

1. d4 Nf6 2. Bg5 Ne4 3. Bf4 c5 4. e3 Qb6 5. Nc3 Nxc3 6. bxc3 e6 7. Bd3 d5 8.
Rb1 Qa5 9. Bxb8 Qxc3+ 10. Kf1 Rxb8 11. Bb5+ Bd7 12. Bxd7+ Kxd7 13. Ne2 Qc4 14.
e4 cxd4 15. exd5 e5 16. h4 Bd6 17. Rh3 Rhc8 18. c3 d3 19. Rxd3 Qxh4 20. Rh3 Qe4
21. Ng3 Qc4+ 22. Kg1 h6 23. Nf5 g6 24. Rh4 e4 25. Nxd6 Kxd6 26. Qg4 Qxc3 27.
Qf4+ Qe5 28. Qxf7 Qf5 29. Qxf5 gxf5 30. Rxh6+ Kxd5 31. Rf6 Ke5 32. Rf7 a6 33.
Re7+ Kf6 34. Rexb7 Rxb7 35. Rxb7 Rc1+ 36. Kh2 Rc2 37. Rb6+ Ke5 38. Rxa6 Rxf2
39. Kg1 e3 40. Ra8 f4 41. a4 Ke4 42. a5 Kd3 43. Rd8+ Ke2 44. Rd4 Rf1+ 45. Kh2
f3 46. gxf3 Kxf3 47. a6 e2 48. a7 Rh1+ 49. Kxh1 e1=Q+ 50. Kh2 Qg3+ 51. Kh1 Qg2#
0-1

[Event "2.BLO 1617 SK König Plauen - SK Göggi"]
[Site "?"]
[Date "2016.12.03"]
[Round "5.5"]
[White "Pitl, Gregory"]
[Black "Sandner, Gunter"]
[Result "1-0"]
[WhiteElo "2395"]
[BlackElo "2280"]
[PlyCount "77"]
[EventDate "2016.??.??"]

1. e4 g6 2. d4 Bg7 3. Nf3 d6 4. Bc4 c6 5. Bb3 Nf6 6. Qe2 O-O 7. e5 dxe5 8. dxe5
Nd5 9. h3 Na6 10. O-O Nc5 11. Nbd2 Bf5 12. Re1 a5 13. Nd4 a4 14. Bc4 Nb4 15.
N2f3 b5 16. Nxf5 gxf5 17. Rd1 Qc8 18. Be3 Ne4 19. Bd3 a3 20. Bc1 Nxd3 21. cxd3
Nc5 22. b4 Na4 23. Qc2 Qe6 24. Re1 Qd5 25. d4 e6 26. Bg5 Nb6 27. Qd2 f6 28.
exf6 Bxf6 29. Bxf6 Rxf6 30. Re5 Nc4 31. Qg5+ Rg6 32. Rxd5 Rxg5 33. Rc5 Rg6 34.
Rxc6 Ra4 35. Rb1 Nb2 36. Rc8+ Kg7 37. Ne5 Rf6 38. Rbc1 Rf8 39. R8c7+ 1-0